00684nam a2200205Ia 450000500170000000800410001704000190005804100120007708200160008910000180010524500930012326000390021630000120025544000260026765000360029385000100032994200070033999900170034695201150036320230531112625.0131103s9999 xx 000 0 und d aLoreto College aEnglish a813.54bCAP aCapote,Truman aIn cold bloodb a true account of a multiple murder and its consequences cTruman Capote aHarmondsworthbPenguin Booksc1966 a343 p.  aPenguin Book; No.2682 aAmerican Fiction - 20th Century aLCLIB cBK c12018d62497 00102ddc4070aMAINbMAINd2013-11-04l1o813.54 CAP 14138pB11927r2016-07-13s2016-07-13w2013-11-04yBKf